000 01607nam a2200313 a 4500
001 ebr10425177
003 CaPaEBR
006 m u
007 cr cn|||||||||
008 101202s2010 dcua sb 000 0 eng d
020 _z9780309153041
020 _z0309153042
040 _aCaPaEBR
_cCaPaEBR
035 _a(OCoLC)681633734
050 1 4 _aTA1570
_b.N38 2010eb
110 2 _aNational Research Council (U.S.).
_bCommittee on Developments in Detector Technologies.
245 1 0 _aSeeing photons
_h[electronic resource] :
_bprogress and limits of visible and infrared sensor arrays /
_cCommittee on Developments in Detector Technologies, Standing Committee on Technology Insight--Gauge, Evaluate, and Review, Division on Engineering and Physical Sciences, National Research Council of the National Academies.
260 _aWashington, D.C. :
_bNational Academies Press,
_c2010.
300 _axx, 174 p. :
_bill. (some col.)
504 _aIncludes bibliographical references.
533 _aElectronic reproduction.
_bPalo Alto, Calif. :
_cebrary,
_d2010.
_nAvailable via World Wide Web.
_nAccess may be limited to ebrary affiliated libraries.
650 0 _aInfrared technology
_xResearch.
650 0 _aInfrared detectors
_xResearch.
650 0 _aPhotons
_xResearch.
655 7 _aElectronic books.
_2local
710 2 _aNational Research Council (U.S.).
_bStanding Committee for Technology Insight--Gauge, Evaluate, and Review.
710 2 _aebrary, Inc.
856 4 0 _uhttp://site.ebrary.com/lib/rucke/Doc?id=10425177
_zAn electronic book accessible through the World Wide Web; click to view
999 _c143246
_d143246